LDR 00703naa#a2200217#i#450# 001 EN\\bibl\126660 005 20260701065928.3 011 ## _a2074-9414 100 ## _a20260630b2026####ek#y0engy0150####ca 101 0# _aRUS 102 ## _aRU 200 1# _aFunctional Yak Meat Products _eJournal article 210 1# _aKemerovo _cKemerovo State University _d2026 215 ## _a13 с. 608 ## _aJournal article _2local 675 ## _aСельское хозяйство. Лесное хозяйство. Охота. Рыбное хозяйство. 63 _zRUS 700 #1 _aTamabaeva _gBibikul S. 700 #1 _aKydyraliev _gNurudin A. 700 #1 _aAbakirova _gEliza M. 700 #1 _aAzisova _gMunara A. 856 4# _ajcenter.kemsu.ru _u